Tarjetas electrónicas de crédito y débito /
Guardado en:
| Hovedforfatter: | |
|---|---|
| Format: | Texto |
| Sprog: | Spanish |
| Udgivet: |
Ciudad Universitaria Rodrigo Facio, Costa Rica:
Universidad de Costa Rica,
2011
|
| Tags: |
Tilføj Tag
Ingen Tags, Vær først til at tagge denne postø!
|
MARC
| LEADER | 00000 a a2200000 04500 | ||
|---|---|---|---|
| 003 | cru CIDCACS/IIS | ||
| 005 | 20171103062528.0 | ||
| 007 | ta | ||
| 008 | 171102s2011 cr |||||r|||| 00| 0 spa d | ||
| 999 | |c 15646 |d 15646 | ||
| 020 | |a 9789977152134 | ||
| 040 | |c cru CIDCACS/IIS | ||
| 090 | |a 11.02.02 R763t | ||
| 100 | 1 | |9 5820 |a Romero Pérez, Jorge Enrique | |
| 245 | 1 | |a Tarjetas electrónicas de crédito y débito / |c Jorge Enrique Romero Pérez | |
| 260 | |a Ciudad Universitaria Rodrigo Facio, Costa Rica: |b Universidad de Costa Rica, |c 2011 | ||
| 300 | |a 116 páginas | ||
| 942 | |2 ddc |c LI | ||



